000 00313nam a2200109Ia 4500
008 200302s9999 xx 000 0 und d
100 _aElite Kedan jon Dreyfous
245 _aProvisional Emerging Modes of Architectural Practice U S A
260 _bPrinceton Architectural Press
260 _c2010
300 _a288 P.,
999 _c2737
_d2737